00310nam a2200121Ia 4500008004100000082001900041100002100060245004400081250000800125260002600133300001000159650001900169150201s2011 xx 000 0 und d a616.07bC2011S aSABITRI , SANYAL aCLINICAL PATHOLOGY : A PRACTICAL MANUAL a1ST bELSEVIERaDELHIc2011 a1-520 aORAL PATHOLOGY